[Event "Turkey Cup 2019"]
[Site "Belek"]
[Date "2019.01.30"]
[Round "7.59"]
[White "Eke, Salih"]
[Black "Bulut, Nazim"]
[Result "1/2-1/2"]
[WhiteElo "1801"]
[BlackElo "1496"]
[Annotator "NA"]
[PlyCount "170"]
[EventDate "2019.01.27"]
[EventType "swiss"]
[EventCountry "TUR"]
[SourceTitle "playchess.com"]
[Source "ChessBase"]
[SourceQuality "1"]

1. d4 d5 2. c4 e6 3. Nf3 Nc6 4. cxd5 Qxd5 5. Nc3 Bb4 6. Bd2 Bxc3 7. Bxc3 Nge7 8. e3 O-O 9. Bd3 h6 10. h3 a6 11. e4 Qd8 12. a4 Ng6 13. Qd2 b6 14. O-O Bb7 15. Rad1 a5 16. Rfe1 Nce7 17. Qe3 Qc8 18. h4 Ba6 19. h5 Bxd3 20. Rxd3 Nh8 21. d5 exd5 22. exd5 Nf5 23. Qf4 f6 24. g4 Nd6 25. Rde3 Nhf7 26. Re7 Re8 27. R7e6 Ng5 28. Nxg5 fxg5 29. Rxe8+ Nxe8 30. Qd4 Qd7 31. d6 Rd8 32. Re7 Qxe7 33. dxe7 Rxd4 34. Bxd4 Kf7 35. f3 Kxe7 36. Kf2 Kf7 37. Ke3 g6 38. hxg6+ Kxg6 39. Ke4 h5 40. gxh5+ Kxh5 41. Kd5 Kg6 42. Kc6 Kf7 43. Be5 Ke6 44. Bxc7 Nxc7 45. Kxc7 Kf5 46. Kxb6 Kf4 47. Kxa5 Kxf3 48. Kb5 g4 49. a5 g3 50. a6 g2 51. a7 g1=Q 52. a8=Q+ Ke2 53. Qe4+ Kd2 54. Qd5+ Kc2 55. b4 Kb2 56. Ka6 Qg6+ 57. Ka5 Qg7 58. Qc5 Kb3 59. Qe3+ Kc4 60. Qc1+ Kb3 61. Qb1+ Ka3 62. Qd3+ Kb2 63. Qd2+ Kb3 64. Qe3+ Kc4 65. Qc5+ Kb3 66. b5 Qb7 67. Qc6 Qa7+ 68. Qa6 Qc7+ 69. Qb6 Qc3+ 70. Ka6 Ka4 71. Qd8 Qc4 72. Qd1+ Kb4 73. Qd2+ Kb3 74. Qe3+ Ka4 75. Qe8 Qd3 76. Qc6 Kb4 77. Qe8 Qa3+ 78. Kb7 Qf3+ 79. Qc6 Qf7+ 80. Kb6 Qf2+ 81. Kc7 Qa7+ 82. Kc8 Ka5 83. Qc3+ Kxb5 84. Qb3+ Kc6 85. Qe6+ Kb5 1/2-1/2

[Event "Turkey Cup 2019"]
[Site "Belek"]
[Date "2019.01.30"]
[Round "7.60"]
[White "Hanci, Ilker"]
[Black "Gozubuyukoglu, Selami"]
[Result "0-1"]
[WhiteElo "1615"]
[BlackElo "1821"]
[Annotator "NA"]
[PlyCount "70"]
[EventDate "2019.01.27"]
[EventType "swiss"]
[EventCountry "TUR"]
[SourceTitle "playchess.com"]
[Source "ChessBase"]
[SourceQuality "1"]

1. e4 e5 2. Nc3 Nc6 3. f4 d6 4. Nf3 Nf6 5. Bb5 exf4 6. d4 Bd7 7. Bxf4 Be7 8. O-O O-O 9. e5 dxe5 10. dxe5 Bc5+ 11. Kh1 Ng4 12. Qe1 Nb4 13. Bxd7 Qxd7 14. h3 Qf5 15. Nh4 Qe6 16. Ne4 Be7 17. hxg4 Qxg4 18. Bg3 Nxc2 19. Rf4 Qxf4 20. Bxf4 Nxe1 21. Nf5 Bb4 22. a3 Nd3 23. Bg3 Ba5 24. b4 Bb6 25. Rf1 Rae8 26. Bh4 Rxe5 27. Nh6+ gxh6 28. Nf6+ Kg7 29. Rf3 Rg5 30. Bxg5 hxg5 31. g4 Nf4 32. Ne4 h6 33. Ng3 Re8 34. Rf1 Kg6 35. Nf5 h5 0-1

[Event "Turkey Cup 2019"]
[Site "Belek"]
[Date "2019.01.30"]
[Round "7.61"]
[White "Sahin, Fehim"]
[Black "Baylav, Bartu"]
[Result "0-1"]
[WhiteElo "1555"]
[BlackElo "1784"]
[Annotator "NA"]
[PlyCount "120"]
[EventDate "2019.01.27"]
[EventType "swiss"]
[EventCountry "TUR"]
[SourceTitle "playchess.com"]
[Source "ChessBase"]
[SourceQuality "1"]

1. d4 d5 2. f4 g6 3. Nf3 Bg7 4. e3 Nf6 5. Bd3 O-O 6. Nbd2 c5 7. c3 b6 8. Qe2 a5 9. a4 Ba6 10. Bxa6 Nxa6 11. O-O Qc7 12. Ne5 e6 13. g4 Qb7 14. h4 Ne4 15. Nxe4 dxe4 16. g5 f5 17. gxf6 Bxf6 18. Qg4 Bxe5 19. Qxe6+ Qf7 20. Qxe5 Rae8 21. Qg5 Qd7 22. Kh2 Rf5 23. Qg4 Nc7 24. Rg1 Kh8 25. Bd2 Ne6 26. b3 cxd4 27. cxd4 Nc7 28. Rac1 Nd5 29. Qe2 Rh5 30. Be1 Qd6 31. Bg3 Qb4 32. Qb2 Nxe3 33. d5+ Kg8 34. Rc7 Nf5 35. Qf6 Qf8 36. Qxf8+ Kxf8 37. Rgc1 Re7 38. Bf2 e3 39. Rxe7 Kxe7 40. Re1 Kd6 41. Bxe3 Rxh4+ 42. Kg2 Nxe3+ 43. Rxe3 Kxd5 44. Re5+ Kd6 45. Rb5 Kc6 46. Kg3 Rh1 47. f5 gxf5 48. Rxf5 Rd1 49. Rh5 Rd3+ 50. Kf2 Rxb3 51. Rxh7 Rb4 52. Rh6+ Kc5 53. Ke2 Rxa4 54. Rh5+ Kc4 55. Rh4+ Kb3 56. Rh1 Ra2+ 57. Kd3 b5 58. Rc1 b4 59. Rb1+ Rb2 60. Ra1 a4 0-1

[Event "Turkey Cup 2019"]
[Site "Belek"]
[Date "2019.01.30"]
[Round "7.62"]
[White "Nazli, Sertan"]
[Black "Catak, Ayhan"]
[Result "1-0"]
[WhiteElo "1811"]
[BlackElo "1347"]
[Annotator "NA"]
[PlyCount "54"]
[EventDate "2019.01.27"]
[EventType "swiss"]
[EventCountry "TUR"]
[SourceTitle "playchess.com"]
[Source "ChessBase"]
[SourceQuality "1"]

1. d4 d5 2. Bf4 Nf6 3. Nf3 e6 4. e3 c5 5. Nbd2 Nc6 6. c3 cxd4 7. exd4 Bd6 8. Ne5 Qc7 9. Bb5 Bd7 10. Qe2 O-O 11. Bd3 Rad8 12. O-O Bc8 13. Rae1 Rfe8 14. Bg5 Be7 15. f4 g6 16. Rf3 Ne4 17. Bxe4 dxe4 18. Nxe4 f5 19. Nf6+ Bxf6 20. Bxf6 Nxe5 21. Bxe5 Qc6 22. Qf2 b6 23. Qh4 Rf8 24. Rg3 Qe8 25. Ree3 Qf7 26. Rxg6+ Qxg6 27. Rg3 Rd7 1-0

[Event "Turkey Cup 2019"]
[Site "Belek"]
[Date "2019.01.30"]
[Round "7.63"]
[White "Bilgin, Murat Evrensel"]
[Black "Gonen, Mutlu"]
[Result "1-0"]
[WhiteElo "1898"]
[BlackElo "1634"]
[Annotator "NA"]
[PlyCount "77"]
[EventDate "2019.01.27"]
[EventType "swiss"]
[EventCountry "TUR"]
[SourceTitle "playchess.com"]
[Source "ChessBase"]
[SourceQuality "1"]

1. Nf3 Nf6 2. c4 c6 3. g3 d5 4. cxd5 cxd5 5. Bg2 Nc6 6. d4 Bf5 7. O-O e6 8. Qb3 Qb6 9. Qxb6 axb6 10. Nc3 Bb4 11. Bd2 Ne4 12. Rfd1 Nxd2 13. Rxd2 h6 14. Rc1 O-O 15. a3 Be7 16. Rdd1 f6 17. e3 Na5 18. Nd2 Bg4 19. f3 Bh5 20. Bf1 Nc6 21. Kf2 g5 22. Bd3 f5 23. Rg1 Kh8 24. Nb5 Rf6 25. f4 Rg8 26. Be2 Bxe2 27. Kxe2 gxf4 28. exf4 Rfg6 29. Nf3 h5 30. Kf2 Bf6 31. h4 R6g7 32. Rce1 Re7 33. Re2 Rc8 34. Rge1 Nd8 35. Ke3 Kg8 36. Kd3 Kf8 37. Ng5 Rc6 38. b3 Ke8 39. Na7 1-0

[Event "Turkey Cup 2019"]
[Site "Belek"]
[Date "2019.01.30"]
[Round "7.65"]
[White "Bogaakca, Mehmet"]
[Black "Iyiol, Mehmet"]
[Result "0-1"]
[WhiteElo "1671"]
[BlackElo "1892"]
[Annotator "NA"]
[PlyCount "116"]
[EventDate "2019.01.27"]
[EventType "swiss"]
[EventCountry "TUR"]
[SourceTitle "playchess.com"]
[Source "ChessBase"]
[SourceQuality "1"]

1. d4 d5 2. Nf3 Nf6 3. Bg5 e6 4. e3 Be7 5. Bd3 Nbd7 6. O-O O-O 7. Nbd2 c5 8. c3 b6 9. Re1 Bb7 10. Nf1 Ne4 11. Bxe7 Qxe7 12. Bxe4 dxe4 13. N3d2 f5 14. Nc4 Rad8 15. Qh5 e5 16. Nxe5 Nxe5 17. dxe5 Qxe5 18. Rad1 Rd3 19. Ng3 Qf6 20. Ne2 g6 21. Qh6 Rfd8 22. Rb1 Rd2 23. Nf4 Bd5 24. Rbd1 Bxa2 25. Rxd2 Rxd2 26. h4 Qg7 27. Qg5 h6 28. Qg3 Rxb2 29. Nxg6 Kh7 30. h5 Rd2 31. Qb8 Qf6 32. Qxa7+ Bf7 33. Rb1 Rd6 34. Qb7 Kg7 35. c4 Qg5 36. Qc7 Qf6 37. Nf4 Qe5 38. Kh2 Qf6 39. g3 Kg8 40. Rc1 Rd2 41. Kg2 Qb2 42. Rf1 Bxc4 43. Qc8+ Kg7 44. Qc7+ Bf7 45. Ne6+ Kf6 46. Nd8 Bc4 47. Nc6 Bxf1+ 48. Kg1 Kg5 49. Qf4+ Kf6 50. Qc7 Ke6 51. Qe7+ Kd5 52. Qd7+ Kc4 53. Qe6+ Kc3 54. Qe5+ Kc2 55. Qxf5 Bd3 56. Ne5 Qa1+ 57. Kh2 Qf1 58. Ng4 Rd1 0-1

[Event "Turkey Cup 2019"]
[Site "Belek"]
[Date "2019.01.30"]
[Round "7.68"]
[White "Uzuner, Tufan Can"]
[Black "Avan, Olcay"]
[Result "0-1"]
[WhiteElo "1889"]
[BlackElo "1617"]
[Annotator "NA"]
[PlyCount "82"]
[EventDate "2019.01.27"]
[EventType "swiss"]
[EventCountry "TUR"]
[SourceTitle "playchess.com"]
[Source "ChessBase"]
[SourceQuality "1"]

1. d4 d5 2. Nf3 Nf6 3. e3 c6 4. b3 Bg4 5. Be2 Nbd7 6. Bb2 e6 7. O-O Bd6 8. Nbd2 O-O 9. c4 Rc8 10. Re1 Re8 11. Nf1 Ne4 12. N3d2 Bxe2 13. Qxe2 Nxd2 14. Qxd2 f5 15. a4 Qe7 16. Qd3 Qf7 17. Rec1 a6 18. Bc3 Bb8 19. Ra2 Rcd8 20. f3 e5 21. dxe5 Nxe5 22. Bxe5 Bxe5 23. Rd2 Bc7 24. c5 f4 25. Re2 fxe3 26. Rxe3 Rxe3 27. Nxe3 Qf4 28. h3 Qh2+ 29. Kf2 Bg3+ 30. Ke2 Re8 31. Kd1 Bf4 32. Nf1 Qxg2 33. Rc2 Qxh3 34. Rf2 Qe6 35. Kc2 Qe1 36. Rd2 Bxd2 37. Nxd2 Qe2 38. Qf5 Qe6 39. Qf4 Qg6+ 40. Kd1 Qg1+ 41. Kc2 Qxc5+ 0-1

[Event "Turkey Cup 2019"]
[Site "Belek"]
[Date "2019.01.30"]
[Round "7.69"]
[White "Alagoz, Mahmut"]
[Black "Bayik, Hasan"]
[Result "0-1"]
[WhiteElo "1707"]
[BlackElo "1825"]
[Annotator "NA"]
[PlyCount "116"]
[EventDate "2019.01.27"]
[EventType "swiss"]
[EventCountry "TUR"]
[SourceTitle "playchess.com"]
[Source "ChessBase"]
[SourceQuality "1"]

1. d4 d5 2. c4 e6 3. Nc3 Nf6 4. Nf3 Nbd7 5. Bg5 Bb4 6. e3 c5 7. Qb3 Qa5 8. Bxf6 Nxf6 9. Nd2 e5 10. dxe5 d4 11. exd4 cxd4 12. Qa4+ Qxa4 13. Nxa4 Ne4 14. Rd1 Bd7 15. b3 Bxa4 16. bxa4 O-O-O 17. Bd3 Nxd2 18. Rxd2 Rde8 19. f4 f6 20. e6 Rxe6+ 21. Kd1 Bxd2 22. Bf5 Bxf4 23. Bxe6+ Kc7 24. g3 Be3 25. Kc2 Re8 26. Bd5 f5 27. a5 f4 28. Kd3 g5 29. h4 fxg3 30. hxg5 Re7 31. Rh3 Bf2 32. Rh6 Be1 33. g6 hxg6 34. Rxg6 Re3+ 35. Kxd4 Bf2 36. Rg4 Re2+ 37. Kd3 Rxa2 38. Rg7+ Kd6 39. Rxb7 Rxa5 40. Rg7 Ke5 41. Bg2 Ra3+ 42. Kc2 Bd4 43. Bd5 a5 44. Rg4 Re3 45. Rg8 a4 46. Re8+ Kf4 47. Rxe3 Kxe3 48. Kb1 Kf2 49. Ka2 Bc5 50. Kb2 g2 51. Bxg2 Kxg2 52. Kc3 Kf3 53. Kd3 Kf4 54. Kd2 Ke4 55. Kc3 Ke3 56. Kc2 Kd4 57. Kb2 Kxc4 58. Ka2 a3 0-1

[Event "Turkey Cup 2019"]
[Site "Belek"]
[Date "2019.01.30"]
[Round "7.71"]
[White "Ataer, Arda Burak"]
[Black "Selvi, Kaan"]
[Result "0-1"]
[WhiteElo "1628"]
[BlackElo "1854"]
[Annotator "NA"]
[PlyCount "94"]
[EventDate "2019.01.27"]
[EventType "swiss"]
[EventCountry "TUR"]
[SourceTitle "playchess.com"]
[Source "ChessBase"]
[SourceQuality "1"]

1. e4 c5 2. Nf3 g6 3. d4 cxd4 4. Nxd4 Bg7 5. c4 Nc6 6. Be3 d6 7. Nc3 Nf6 8. Be2 O-O 9. O-O Bd7 10. Qd2 Nxd4 11. Bxd4 Bc6 12. f3 a5 13. b3 Nd7 14. Be3 Nc5 15. Rab1 Be5 16. Rfc1 e6 17. Bg5 f6 18. Be3 f5 19. Bg5 Qb6 20. Qe3 f4 21. Qf2 Kg7 22. g3 fxg3 23. hxg3 Bxg3 24. Qe3 Bf4 25. Bxf4 Rxf4 26. Kg2 e5 27. Rh1 Qd8 28. Rh3 h5 29. Nd5 Bxd5 30. cxd5 Qf6 31. Rg3 Rf8 32. Rg1 h4 33. Rh3 Rf7 34. a3 Nd7 35. Kf2 Nf8 36. Bb5 Re7 37. Ke2 Nh7 38. Rgh1 Rc7 39. Bd3 Rf7 40. R1h2 Rf8 41. Rh1 Ng5 42. Rxh4 Rxf3 43. Rh7+ Nxh7 44. Qh6+ Kf7 45. Qxh7+ Qg7 46. Kxf3 Qxh7 47. Rxh7+ Kg8+ 0-1

[Event "Turkey Cup 2019"]
[Site "Belek"]
[Date "2019.01.30"]
[Round "7.72"]
[White "Isik, Kadri"]
[Black "Asikoglu, Engin Can"]
[Result "1/2-1/2"]
[WhiteElo "1820"]
[BlackElo "1502"]
[Annotator "NA"]
[PlyCount "56"]
[EventDate "2019.01.27"]
[EventType "swiss"]
[EventCountry "TUR"]
[SourceTitle "playchess.com"]
[Source "ChessBase"]
[SourceQuality "1"]

1. e4 c5 2. Nf3 g6 3. d4 cxd4 4. Nxd4 Bg7 5. c4 Nc6 6. Be3 Nf6 7. Nxc6 bxc6 8. Nc3 d6 9. Be2 O-O 10. O-O Qc7 11. c5 d5 12. exd5 Nxd5 13. Nxd5 cxd5 14. Qxd5 Be6 15. Qd2 Rfd8 16. Qc1 Rab8 17. Bf4 Be5 18. Bg3 Bxg3 19. hxg3 Qe5 20. c6 Rdc8 21. Ba6 Rc7 22. b4 Rxb4 23. Qa3 Qb2 24. Qxb2 Rxb2 25. Bb7 Bd5 26. Rfc1 e6 27. a4 Kf8 28. Rc5 Ke7 1/2-1/2

[Event "Turkey Cup 2019"]
[Site "Belek"]
[Date "2019.01.31"]
[Round "7.73"]
[White "Dogan, Ugur"]
[Black "Isik, Kadri"]
[Result "0-1"]
[WhiteElo "1670"]
[BlackElo "1820"]
[Annotator "NA"]
[PlyCount "68"]
[EventDate "2019.01.27"]
[EventType "swiss"]
[EventCountry "TUR"]
[SourceTitle "playchess.com"]
[Source "ChessBase"]
[SourceQuality "1"]

1. e4 c5 2. Nc3 Nc6 3. g3 g6 4. Bg2 Bg7 5. d3 e6 6. Nge2 Nge7 7. O-O O-O 8. Bf4 d5 9. Kh1 d4 10. Nb1 e5 11. Bg5 f6 12. Bc1 Be6 13. b3 b5 14. a4 a6 15. h3 c4 16. axb5 axb5 17. Rxa8 Qxa8 18. bxc4 bxc4 19. f4 Qa2 20. Ba3 Rb8 21. Bxe7 Nxe7 22. fxe5 fxe5 23. Bf3 Bxh3 24. Re1 Be6 25. dxc4 Rb2 26. Nbc3 Qxc4 27. Nd5 Nxd5 28. exd5 Bxd5 29. Bxd5+ Qxd5+ 30. Kg1 Bh6 31. Nc3 Qc4 32. Ne4 Qxc2 33. Qf3 Be3+ 34. Rxe3 Rb1+ 0-1

[Event "Turkey Cup 2019"]
[Site "Belek"]
[Date "2019.01.31"]
[Round "7.74"]
[White "Ozkurt, Kutay"]
[Black "Demir, Hilmi Mustafa"]
[Result "1-0"]
[WhiteElo "1586"]
[BlackElo "1809"]
[Annotator "NA"]
[PlyCount "69"]
[EventDate "2019.01.27"]
[EventType "swiss"]
[EventCountry "TUR"]
[SourceTitle "playchess.com"]
[Source "ChessBase"]
[SourceQuality "1"]

1. e4 e5 2. Nf3 Nc6 3. Bb5 a6 4. Ba4 Nf6 5. Qe2 Be7 6. c3 b5 7. Bb3 O-O 8. O-O d5 9. exd5 Nxd5 10. Nxe5 Nxe5 11. Qxe5 Bb7 12. d4 Re8 13. Bxd5 Bxd5 14. Bf4 Bc4 15. Re1 Bg5 16. Qxe8+ Qxe8 17. Rxe8+ Rxe8 18. Be3 Bxe3 19. fxe3 Rxe3 20. Nd2 Bd5 21. Kf2 Re6 22. Nb3 Bc4 23. Re1 Rxe1 24. Kxe1 f5 25. Nc5 a5 26. b3 Bd5 27. g3 g5 28. Na6 c6 29. Nc5 Kf7 30. Nb7 a4 31. bxa4 bxa4 32. c4 Be4 33. Nd6+ Ke6 34. Nxe4 fxe4 35. g4 1-0

[Event "Turkey Cup 2019"]
[Site "Belek"]
[Date "2019.01.31"]
[Round "7.75"]
[White "Gok, Muhsin"]
[Black "Kisadere, Kutay"]
[Result "0-1"]
[WhiteElo "1730"]
[BlackElo "1809"]
[Annotator "NA"]
[PlyCount "96"]
[EventDate "2019.01.27"]
[EventType "swiss"]
[EventCountry "TUR"]
[SourceTitle "playchess.com"]
[Source "ChessBase"]
[SourceQuality "1"]

1. Nf3 Nf6 2. d4 d5 3. g3 c6 4. Bg2 g6 5. O-O Bg7 6. Nc3 O-O 7. Bg5 h6 8. Bd2 Nbd7 9. Re1 Ne4 10. Nxe4 dxe4 11. Ne5 Nxe5 12. dxe5 Bf5 13. Qc1 Kh7 14. h3 Qd5 15. g4 Be6 16. f4 f6 17. exf6 exf6 18. e3 f5 19. g5 Qc5 20. a3 a5 21. h4 h5 22. Rb1 Rfd8 23. b4 Qd6 24. Rd1 Ba2 25. Rb2 Bxb2 26. Qxb2 Bc4 27. Bf1 Bxf1 28. Kxf1 axb4 29. axb4 Qe6 30. Ke1 Rd7 31. Bc3 Rxd1+ 32. Kxd1 Qa2 33. Qc1 Qc4 34. Qd2 Qf1+ 35. Qe1 Qxe1+ 36. Kxe1 Kg8 37. Kd2 Kf7 38. Bb2 b5 39. Bd4 Ke6 40. Kc1 Kd5 41. Kb2 Kc4 42. c3 Kd3 43. Bc5 Ke2 44. Bd4 Kf3 45. c4 Kg4 46. Bc3 Kxh4 47. Be1+ Kg4 48. Kc3 Rd8 0-1

[Event "Turkey Cup 2019"]
[Site "Belek"]
[Date "2019.01.31"]
[Round "7.76"]
[White "Asikoglu, Engin Can"]
[Black "Atay, Sergen"]
[Result "1-0"]
[WhiteElo "1502"]
[BlackElo "1769"]
[Annotator "NA"]
[PlyCount "75"]
[EventDate "2019.01.27"]
[EventType "swiss"]
[EventCountry "TUR"]
[SourceTitle "playchess.com"]
[Source "ChessBase"]
[SourceQuality "1"]

1. d4 d5 2. Bf4 Nf6 3. e3 c5 4. c3 Nc6 5. Nd2 Qb6 6. Qb3 c4 7. Qc2 g6 8. e4 Nxe4 9. Nxe4 dxe4 10. Bxc4 Bf5 11. d5 Na5 12. Be3 Nxc4 13. Bxb6 Nxb6 14. Qb3 Bh6 15. Ne2 O-O 16. Ng3 Bd7 17. O-O e3 18. fxe3 Bxe3+ 19. Kh1 Rac8 20. Rae1 Bc5 21. c4 f5 22. Qc3 a5 23. b3 Bb4 24. Qd4 Bc5 25. Qf4 Bd6 26. Qg5 Rf7 27. Nh5 Rcf8 28. Nf4 Na8 29. Nd3 Rf6 30. c5 Bb8 31. Rxe7 Bb5 32. Rd1 f4 33. Qh6 R6f7 34. Rxf7 Rxf7 35. d6 f3 36. Ne5 Rg7 37. gxf3 b6 38. d7 1-0

[Event "Turkey Cup 2019"]
[Site "Belek"]
[Date "2019.01.31"]
[Round "7.77"]
[White "Kazik, Oguz Kagan"]
[Black "Yusufoglu, Ferit"]
[Result "1-0"]
[WhiteElo "1771"]
[BlackElo "1615"]
[Annotator "NA"]
[PlyCount "90"]
[EventDate "2019.01.27"]
[EventType "swiss"]
[EventCountry "TUR"]
[SourceTitle "playchess.com"]
[Source "ChessBase"]
[SourceQuality "1"]

1. d4 Nf6 2. Bg5 e6 3. e4 Be7 4. Nc3 h6 5. Bh4 c6 6. e5 Nd5 7. Bxe7 Qxe7 8. Ne4 O-O 9. Nd6 f6 10. Nf3 Na6 11. Bxa6 bxa6 12. O-O Rb8 13. c4 Nf4 14. Qc2 fxe5 15. dxe5 c5 16. g3 Nh3+ 17. Kg2 Ng5 18. Nh4 Bb7+ 19. Nxb7 Rxb7 20. Ng6 Qf7 21. f4 Rfb8 22. b3 Nh7 23. Nh4 a5 24. Nf3 a4 25. Rab1 axb3 26. axb3 Qe7 27. Rfd1 Rb6 28. Rd3 d6 29. Rbd1 dxe5 30. Nxe5 Nf6 31. Kg1 a5 32. Qa2 Ra8 33. Qg2 Rc8 34. Qd2 Rcb8 35. Qxa5 Rxb3 36. Nc6 Qf7 37. Nxb8 Rxb8 38. Rd8+ Rxd8 39. Rxd8+ Kh7 40. Qxc5 Qg6 41. Rd1 Qc2 42. Qd4 Qa2 43. c5 Ng4 44. Qe4+ Kg8 45. Qg2 Ne3 1-0

[Event "Turkey Cup 2019"]
[Site "Belek"]
[Date "2019.01.31"]
[Round "7.78"]
[White "Turan, Seyithan"]
[Black "Kiray, Tuncer Efe"]
[Result "1-0"]
[WhiteElo "1746"]
[BlackElo "1556"]
[Annotator "NA"]
[PlyCount "55"]
[EventDate "2019.01.27"]
[EventType "swiss"]
[EventCountry "TUR"]
[SourceTitle "playchess.com"]
[Source "ChessBase"]
[SourceQuality "1"]

1. e4 c5 2. Nf3 d6 3. d4 cxd4 4. c3 Bg4 5. cxd4 d5 6. e5 e6 7. Be2 Bxf3 8. Bb5+ Nc6 9. Bxc6+ bxc6 10. Qxf3 Qb6 11. Qd3 c5 12. Be3 Qxb2 13. dxc5 Qxa1 14. Qb5+ Kd8 15. c6 Rc8 16. O-O Qxe5 17. Bxa7 Bd6 18. f4 Qf6 19. Bb6+ Bc7 20. Bxc7+ Rxc7 21. Qb8+ Rc8 22. Qd6+ Ke8 23. Qd7+ Kf8 24. Qxc8+ Ke7 25. Qd7+ Kf8 26. c7 Qd4+ 27. Kh1 Qg1+ 28. Kxg1 1-0

[Event "Turkey Cup 2019"]
[Site "Belek"]
[Date "2019.01.31"]
[Round "7.79"]
[White "Acar, Kaan"]
[Black "Ozcan, Berk"]
[Result "0-1"]
[WhiteElo "1548"]
[BlackElo "1709"]
[Annotator "NA"]
[PlyCount "60"]
[EventDate "2019.01.27"]
[EventType "swiss"]
[EventCountry "TUR"]
[SourceTitle "playchess.com"]
[Source "ChessBase"]
[SourceQuality "1"]

1. e4 c5 2. Nf3 Nc6 3. Bb5 g6 4. Bxc6 dxc6 5. O-O Bg7 6. d3 Nf6 7. Qe2 O-O 8. Nbd2 Qc7 9. a4 a5 10. Rd1 Nd7 11. Nf1 b6 12. Ng3 Ba6 13. c4 e5 14. b3 Rfe8 15. Rb1 Nf8 16. h4 h5 17. Be3 Bc8 18. Qd2 Bg4 19. Bh6 Ne6 20. Re1 Bxf3 21. gxf3 Bxh6 22. Qxh6 Qe7 23. Nxh5 Qxh4 24. f4 exf4 25. e5 Qxh5 26. Qxh5 gxh5 27. Kg2 Kh7 28. Rh1 Kh6 29. Kf3 Rg8 30. Rh4 Rg5 0-1

[Event "Turkey Cup 2019"]
[Site "Belek"]
[Date "2019.01.31"]
[Round "7.80"]
[White "Basaran, Alp"]
[Black "Sazlik, Mucahit"]
[Result "1-0"]
[WhiteElo "1723"]
[BlackElo "1527"]
[Annotator "NA"]
[PlyCount "91"]
[EventDate "2019.01.27"]
[EventType "swiss"]
[EventCountry "TUR"]
[SourceTitle "playchess.com"]
[Source "ChessBase"]
[SourceQuality "1"]

1. e4 b6 2. d4 Bb7 3. Nd2 e6 4. Ngf3 d5 5. e5 c5 6. c3 Nc6 7. Bd3 Nge7 8. O-O g6 9. dxc5 bxc5 10. c4 Bg7 11. Re1 Qc7 12. Qe2 O-O 13. a3 Rfd8 14. Nb3 Qb6 15. Qc2 d4 16. Bf4 Rab8 17. Nbd2 Na5 18. Rab1 Bxf3 19. Nxf3 Qb3 20. Qe2 Rb6 21. Nd2 Qa2 22. b4 cxb4 23. Ra1 Qb2 24. Reb1 Qc3 25. Ne4 b3 26. Nxc3 dxc3 27. Be3 Rb7 28. Bc5 b2 29. Ra2 Nec6 30. f4 Nb3 31. Be3 Rbd7 32. Bc2 Rd2 33. Bxd2 Rxd2 34. Qe4 Nc1 35. Raxb2 cxb2 36. Rxb2 Ne2+ 37. Kf1 Ned4 38. Ke1 Re2+ 39. Qxe2 Nxe2 40. Kxe2 Bf8 41. a4 Bc5 42. Be4 Nd4+ 43. Kd3 Kg7 44. g4 h6 45. Rb7 Bb6 46. Rxb6 1-0

[Event "Turkey Cup 2019"]
[Site "Belek"]
[Date "2019.01.31"]
[Round "7.81"]
[White "Elalmis, Husamettin"]
[Black "Hanci, Ilker"]
[Result "1-0"]
[WhiteElo "1754"]
[BlackElo "1615"]
[Annotator "NA"]
[PlyCount "119"]
[EventDate "2019.01.27"]
[EventType "swiss"]
[EventCountry "TUR"]
[SourceTitle "playchess.com"]
[Source "ChessBase"]
[SourceQuality "1"]

1. e4 Nc6 2. Nc3 e5 3. Nf3 Nf6 4. d4 exd4 5. Nxd4 Bb4 6. Nxc6 dxc6 7. Qxd8+ Kxd8 8. Bg5 h6 9. O-O-O+ Bd7 10. Bxf6+ gxf6 11. Ne2 Bc5 12. Nd4 Rg8 13. f3 Ke8 14. g4 Rd8 15. c3 b5 16. a3 a6 17. h3 Bd6 18. b4 c5 19. Nb3 cxb4 20. axb4 Be6 21. Kc2 Bxb3+ 22. Kxb3 Ke7 23. Ra1 Ra8 24. Ra2 Rgd8 25. Be2 Be5 26. Rha1 Rd6 27. Rf1 Bf4 28. Bxb5 Rb6 29. Be2 c5 30. b5 Rab8 31. c4 axb5 32. cxb5 Be3 33. Ra7+ Kf8 34. Rd7 Ke8 35. Rc7 R6b7 36. Rxb7 Rxb7 37. Ra1 Kd7 38. Ra6 Bd4 39. Bc4 Kc7 40. Ka4 Rb6 41. Ra8 Rb8 42. Rxb8 Kxb8 43. b6 Be3 44. Kb5 Bf2 45. Kc6 Be3 46. Bxf7 Bf2 47. Bc4 Be3 48. Ba6 Bf2 49. Kd6 c4 50. Bxc4 Bxb6 51. Ke7 Bd4 52. Kf7 Kc7 53. Kg6 Kd6 54. Kxh6 Ke5 55. h4 Kf4 56. Be2 Ke3 57. Bd1 Kd2 58. g5 Kxd1 59. g6 f5 60. exf5 1-0

[Event "Turkey Cup 2019"]
[Site "Belek"]
[Date "2019.01.31"]
[Round "7.82"]
[White "Ceylan, Sezer"]
[Black "Kaya, Mehmet Roni"]
[Result "0-1"]
[WhiteElo "1689"]
[BlackElo "1632"]
[Annotator "NA"]
[PlyCount "92"]
[EventDate "2019.01.27"]
[EventType "swiss"]
[EventCountry "TUR"]
[SourceTitle "playchess.com"]
[Source "ChessBase"]
[SourceQuality "1"]

1. e4 e5 2. Nf3 Nf6 3. Nc3 Nc6 4. Bb5 Bc5 5. O-O Qe7 6. d3 h6 7. Nd5 Nxd5 8. exd5 Nd4 9. Nxd4 Bxd4 10. c3 Bb6 11. d4 O-O 12. Re1 d6 13. Qh5 Qf6 14. Bd3 exd4 15. c4 Bd7 16. b3 Rfe8 17. Bb2 Re5 18. Qd1 Rae8 19. Qd2 Rxe1+ 20. Rxe1 Rxe1+ 21. Qxe1 Qe5 22. Qe4 f5 23. Qh4 c5 24. Bf1 Qe4 25. Qg3 f4 26. Qd3 Bf5 27. Qd2 Bd8 28. Bc1 Bg5 29. h4 Bxh4 30. Qxf4 Qxf4 31. Bxf4 Be7 32. Be2 g5 33. Bd2 Bf6 34. Bd1 b6 35. f3 Be5 36. Kf2 Bb1 37. a4 d3 38. g3 Bc2 39. Bxc2 dxc2 40. Bc1 h5 41. f4 gxf4 42. gxf4 Bd4+ 43. Kg3 Kg7 44. Kh4 Kg6 45. f5+ Kxf5 46. Kxh5 Be5 0-1

[Event "Turkey Cup 2019"]
[Site "Belek"]
[Date "2019.01.31"]
[Round "7.83"]
[White "Dorum, Doga Can"]
[Black "Celik, Cem Akin"]
[Result "0-1"]
[WhiteElo "1595"]
[BlackElo "1637"]
[Annotator "NA"]
[PlyCount "102"]
[EventDate "2019.01.27"]
[EventType "swiss"]
[EventCountry "TUR"]
[SourceTitle "playchess.com"]
[Source "ChessBase"]
[SourceQuality "1"]

1. d4 d5 2. Nf3 Nf6 3. g3 e6 4. Bg2 Be7 5. O-O O-O 6. Nbd2 c5 7. c3 Nc6 8. Ne5 cxd4 9. Nxc6 bxc6 10. cxd4 c5 11. Nf3 Qb6 12. b3 cxd4 13. Bb2 d3 14. exd3 Ba6 15. Ne5 Rac8 16. Rc1 Rxc1 17. Qxc1 Rc8 18. Qb1 Bc5 19. Qa1 Bb5 20. d4 Bd6 21. Rc1 Rc7 22. Rxc7 Qxc7 23. Qc1 Qxc1+ 24. Bxc1 Bxe5 25. dxe5 Nd7 26. f4 f6 27. exf6 gxf6 28. Kf2 Kf7 29. Ke3 Bc6 30. Bh3 e5 31. fxe5 fxe5 32. Ba3 d4+ 33. Kd3 Bb5+ 34. Ke4 Kf6 35. Bxd7 Bxd7 36. Bd6 Bc6+ 37. Kd3 Ke6 38. Bc5 a6 39. a4 Kd5 40. Ba7 Be8 41. h3 Bg6+ 42. Kd2 Ke4 43. b4 Kd5 44. b5 Be8 45. b6 Bc6 46. g4 e4 47. Bb8 e3+ 48. Ke1 Ke4 49. g5 d3 50. h4 Kf3 51. b7 d2+ 0-1

[Event "Turkey Cup 2019"]
[Site "Belek"]
[Date "2019.01.31"]
[Round "7.84"]
[White "Erdal, Kerem"]
[Black "Hatipoglu, Metin"]
[Result "0-1"]
[WhiteElo "1509"]
[BlackElo "1680"]
[Annotator "NA"]
[PlyCount "106"]
[EventDate "2019.01.27"]
[EventType "swiss"]
[EventCountry "TUR"]
[SourceTitle "playchess.com"]
[Source "ChessBase"]
[SourceQuality "1"]

1. e4 c5 2. c3 d5 3. exd5 Qxd5 4. d4 Nf6 5. Nf3 Nc6 6. Be2 Bf5 7. Na3 e6 8. O-O Be7 9. Be3 Ng4 10. Bf4 O-O 11. h3 Nf6 12. Bc4 Qd8 13. dxc5 Bxc5 14. Nb5 Ne4 15. Nbd4 Qb6 16. Be3 Qxb2 17. Nxf5 exf5 18. Bxc5 Nxc5 19. Ng5 Ne4 20. Nxf7 Rxf7 21. Bxf7+ Kxf7 22. Rb1 Qxc3 23. Rxb7+ Kg6 24. Qd7 Qf6 25. g4 Rf8 26. gxf5+ Kh6 27. Qe6 Ng5 28. Qxf6+ Rxf6 29. Kg2 Rxf5 30. Rc1 Nd4 31. Rd1 Nge6 32. Rxa7 Nf4+ 33. Kh2 Nf3+ 34. Kg3 Nh5+ 35. Kg2 Nh4+ 36. Kg1 Rg5+ 37. Kf1 Nf4 38. Rd6+ Kh5 39. Rad7 Nf3 40. Rd5 Nxd5 41. Ke2 Ng1+ 42. Kd3 Nxh3 43. a4 Nxf2+ 44. Kd4 Nf6 45. Ra7 Kg4 46. a5 h5 47. a6 Rd5+ 48. Kc4 g5 49. Rf7 N2e4 50. a7 Ra5 51. Kb4 Ra1 52. Rc7 h4 53. Kb5 h3 0-1